|
|
|
|
| LEADER |
00608nam a22001697a 4500 |
| 020 |
|
|
|a 9788187474401
|
| 082 |
|
|
|a M301 07
|b PAU/B
|
| 100 |
|
|
|a Paul Manalil
|9 8578
|
| 245 |
|
|
|a Basheerinte cherukathakal 101 patanangal/
|c edited by Paul Manalil.
|
| 260 |
|
|
|a Kozhikode:
|b Olive,
|c 2010.
|
| 300 |
|
|
|a 506p.
|
| 650 |
|
|
|a Stories Malayalam Study
|9 8579
|
| 650 |
|
|
|a Literature Malayalam
|9 8580
|
| 650 |
|
|
|a Literature
|9 8581
|
| 942 |
|
|
|c BK
|
| 999 |
|
|
|c 63926
|d 63926
|
| 952 |
|
|
|0 0
|1 0
|4 0
|6 M_301_070000000000000_PAU_B
|7 0
|9 85397
|a SSUS
|b SSUS
|c STACKS
|d 2017-01-09
|g 300.00
|l 1
|o M301 07 PAU/B
|p 083122
|r 2018-06-16
|s 2017-02-02
|w 2017-01-09
|y BK
|